|
|
|
|
| LEADER |
00753aam a22002418a 4500 |
| 001 |
00028820 |
| 005 |
20171026081025.0 |
| 008 |
120403s2007 ||||||viesd |
| 041 |
0 |
# |
|a vie
|
| 082 |
1 |
4 |
|a 649
|b T103L
|
| 245 |
0 |
0 |
|a Tài liệu tập huấn làm cha mẹ tốt
|
| 260 |
# |
# |
|a Hà Nội
|b [Nxb. Hà Nội]
|c 2007
|
| 300 |
# |
# |
|a 145tr.
|c 29cm.
|
| 500 |
# |
# |
|a ĐTTS ghi: Save the children
|
| 650 |
# |
4 |
|a Giáo dục gia đình
|
| 653 |
# |
# |
|a Cha mẹ tốt
|
| 653 |
# |
# |
|a Cha mẹ và con
|
| 852 |
# |
# |
|b Kho mượn
|j KM.0013454
|
| 852 |
# |
# |
|b Kho đọc
|j KD.0013161
|
| 852 |
# |
# |
|j KD.0013161
|j KM.0013454
|
| 910 |
|
|
|d 03/04/2012
|
| 980 |
# |
# |
|a Trung tâm Học liệu Lê Vũ Hùng, Trường Đại học Đồng Tháp
|